| 000 | 00797cam a2200253 a 4500 | ||
|---|---|---|---|
| 001 | 3300810 | ||
| 005 | 20200421093816.0 | ||
| 008 | 840329s1983 enka 000 0 eng | ||
| 010 | _a 83126616 | ||
| 020 |
_a0714539740 : _c£8.95 |
||
| 020 | _a0714540161 (pbk.) | ||
| 040 |
_aDLC _cDLC _dDLC |
||
| 041 | 0 | _aengfreger | |
| 050 | 0 | 0 |
_aPR6003.E282 _bD5 1983 |
| 082 | 0 | 0 |
_a844/.914 _219 |
| 100 | 1 |
_aBeckett, Samuel, _d1906-1989. |
|
| 245 | 1 | 0 |
_aDisjecta : _bmiscellaneous writings and a dramatic fragment / _cby Samuel Beckett ; edited with a foreword by Ruby Cohn. |
| 260 |
_aLondon : _bJ. Calder, _c1983. |
||
| 300 |
_a178 p. : _bill. ; _c21 cm. |
||
| 500 | _aEnglish, French, and German. | ||
| 700 | 1 |
_aCohn, Ruby. _9234 |
|
| 906 |
_a7 _bcbc _corignew _d2 _encip _f19 _gy-gencatlg |
||
| 942 |
_2ddc _cBK |
||
| 999 |
_c22 _d22 |
||